Top 50 NBA Players 2021 - Statistics

General Stats
  • This quiz has been taken 94 times
  • The average score is 40 of 50
Answer Stats
# Team Answer % Correct
2 GSW Stephen Curry
99%
3 PHI Joel Embiid
98%
4 LAL LeBron James
98%
1 DEN Nikola Jokic
98%
6 MIL Giannis Antetokounmpo
96%
9 BKN James Harden
96%
13 BOS Jayson Tatum
96%
7 LAC Kawhi Leonard
96%
8 BKN Kevin Durant
96%
12 BKN Kyrie Irving
96%
5 DAL Luka Doncic
96%
10 POR Damian Lillard
95%
11 UTA Donovan Mitchell
95%
15 LAL Anthony Davis
91%
18 PHO Chris Paul
90%
16 PHO Devin Booker
90%
17 ATL Trae Young
90%
21 MEM Ja Morant
88%
20 LAC Paul George
88%
22 NOP Zion Williamson
88%
19 WAS Bradley Beal
87%
30 MIA Jimmy Butler
87%
23 MIN Karl-Anthony Towns
87%
28 MIL Khris Middleton
87%
25 CHI Zach LaVine
85%
27 UTA Rudy Gobert
84%
14 WAS Russell Westbrook
84%
35 BOS Jaylen Brown
83%
24 NYK Julius Randle
83%
29 SAC De’Aaron Fox
82%
26 OKC Shai Gilgeous-Alexander
80%
31 PHI Tobias Harris
80%
38 DEN Jamal Murray
78%
33 PHI Ben Simmons
77%
34 POR C.J McCollum
77%
37 IND Domantas Sabonis
76%
32 DAL Kristaps Porzingis
76%
42 TOR Pascal Siakam
74%
39 NOP Brandon Ingram
73%
40 CLE Colin Sexton
73%
36 SAS Demar Derozan
70%
41 BOS Kemba Walker
67%
43 NYK Derrick Rose
55%
48 DET Jerami Grant
54%
46 UTA Mike Conley
52%
45 DEN Michael Porter Jr
51%
44 UTA Jordan Clarkson
48%
50 CHI Nikola Vucevic
46%
49 IND Malcolm Brogdon
45%
47 MEM Dillon Brooks
44%
No matching quizzes found
Score Distribution
Percent of People with Each Score
Percentile by Number Answered
Your Score History
You have not taken this quiz